LEADER 01685nam a2200313 u 4500 001 000000089001 003 CaOOAMICUS 005 20070226124554.0 008 051109s1937 it u000 u ita u 035 $a11067723 040 $aPUL(R)$bita 041 1 $aita$hger 100 1 $aJürgensmeier, Friedrich.$0(OLS)http://pul/name/39875 240 10$aMystische Leib Christi als Grundprinzip der Aszetik Aufbau des religiösen Lebens und Strebens aus dem Corpus Christi mysticum.$litaliano.$0(OLS)http://pul/title/76201 245 13$aIl corpo mistico di Cristo come principio dell'ascetica :$bimpostazione della vita e dell' impegno religioso sul Corpus Christi mysticum /$cFriedrich Jürgensmeier ; prefazione e traduzione dal tedesco di Giuseppe Marzorati. 260 $aBrescia :$bMorcelliana,$c1937. 300 $a429 p. ;$c24 cm 504 $aContiene indicazioni bibliografiche in nota. 600 04$aIesus Christus.$0(OLS)http://pul/subject/207 650 4$aCorpo mistico.$0(OLS)http://pul/subject/710 850 $aPUL 852 $aPUL$W1$xDP1 Fondo Pastorale$y55$mP8 A 28$j112613$nBK-PRI$b $qFondi$B112613$CPULBib$Z2$F112613 $HPUL2126 $81 852 $aPUL$W1$xDP1 Fondo Bordoni$y120$m3 K 64$j167577$qFondi$B176316$CPULBib$Z2$F176316 $HBor428 $81 941 1 $a1 960 $aCristologia$9207 960 $aCristologia$9207 960 $aGesù Cristo$9207 996 $6245$aIl corpo mistico di Cristo come principio dell'ascetica :$bimpostazione della vita e dell' impegno religioso sul Corpus Christi mysticum$9(OLS)http://pul/title/76202 996 $6260$aBrescia :$bMorcelliana$9(OLS)http://pul/publisher/47854 LEADER 01527naa a2200325 a 4500 001 000000124638 003 CaOOAMICUS 005 20220427132139.0 008 110310s2010 gw a u000 u ger r 020 $a978-3-451-30400-2 (v. 1-14) 032 $aLibriCat 040 $aPUL$bita 041 1 $ager$hfre 082 04$a270 130 0 $aHistoire du christianisme des origines à nos jours.$lTedesco.$0(OLS)http://pul/title/157109 245 10$aMachtfülle des Papsttums (1054-1274) /$chrsg. von André Vauchez ; deutsche Ausgabe bearbeitet und herausgegeben von Odilo Engels unter Mitarbeit von Georgios Makris und Ludwig Vones. 250 $aSonderausgabe. 260 $aFreiburg im Breisgau :$bHerder & Co.,$c2010. 300 $aXL, 968 p. :$bill. ;$c24 cm. 650 4$aChiesa$xStoria$xStudi.$0(OLS)http://pul/subject/28557 700 1 $aEngels, Odilo.$0(OLS)http://pul/name/5058 700 1 $aMakris, Georgios.$0(OLS)http://pul/name/78715 700 1 $aVauchez, André,$d1938-$0(OLS)http://pul/name/625 700 1 $aVones, Ludwig.$0(OLS)http://pul/name/30417 774 0 $tGeschichte des Christentums.$bSonderausgabe.$dFreiburg im Breisgau : Herder & Co., 2010.$w()124629 996 $6020$a978-3-451-30400-2 (v. 1-14)$9(OLS)http://pul/number/146636 996 $6082$a270$9(OLS)http://pul/classification/472 996 $6245$aMachtfülle des Papsttums (1054-1274)$9(OLS)http://pul/title/157113 996 $6260$aFreiburg im Breisgau :$bHerder & Co.$9(OLS)http://pul/publisher/51627